000 00507nam a22001697a 4500
005 20251108175108.0
008 250721s2011 xx 000 0 ara d
082 1 4 _a616.891/جبو
100 1 _aالجبوري، علي محمود
245 1 0 _aعلم النفس الفسيولوجي /
264 1 _aعمان :
_bدار صفاء للنشر والتوزيع،
_c2011.
300 _a511 ص.
650 1 7 _aعلم النفس
650 1 7 _aالصحة النفسية
942 _2ddc
_cBK
999 _c126049
_d126049